| 000 | 01510nam a22003977a 4500 | ||
|---|---|---|---|
| 001 | 000106501 | ||
| 003 | CHAP | ||
| 005 | 20220329143850.0 | ||
| 008 | 120328s2011 mx r 00010 spa d | ||
| 010 | _a102963 | ||
| 011 | _a103935 | ||
| 020 | _a9786071202253 | ||
| 035 | _a114624 | ||
| 040 | _cCHAP | ||
| 082 | 0 | 4 |
_a631.4060972 _bS67 |
| 245 | 0 | 3 |
_aLa Sociedad Mexicana de la Ciencia del Suelo : _bla historia de identidad compartida / _ccoordinado por María Isabel Palacios Rangel y Juan Antonio Leos Rodríguez. |
| 260 |
_aChapingo, Méx. : _bUACH, _c2011. |
||
| 300 |
_av. : _bilus. |
||
| 505 | 0 | _aLa biblioteca tiene: v. 1 | |
| 590 |
_aBATCH-UPD _b10 _c20130110 _lUCH01 _h1528 |
||
| 590 |
_aBATCH-UPD _b10 _c20130410 _lUCH01 _h0936 |
||
| 590 |
_aBATCH-UPD _b10 _c20130914 _lUCH01 _h1856 |
||
| 590 |
_aCONVERSION _b10 _c20130109 _lUCH01 _h1357 |
||
| 590 |
_aE5765TAJ _b05 _c20180419 _lUCH01 _h0907 |
||
| 590 |
_aE5765TAJ _b05 _c20180419 _lUCH01 _h0908 |
||
| 650 | 0 | 4 |
_aSuelos _xMéxico. _9110441 |
| 650 | 0 | 4 |
_aSuelos _xSociedades. _9110483 |
| 700 | 0 |
_aLeos Rodríguez, Juan Antonio _ecoord. _966243 |
|
| 901 | _aBK | ||
| 942 | _cLIBRO | ||
| 942 | _n0 | ||
| 949 |
_a631.4060972 P17 v.1 _bBC _cLIBRO _d33724002325702 _eLIBRO _fc.2 _h116393 _i114624 _sb |
||
| 949 |
_a631.4060972 P17 _bBC _cLIBRO _d33724002058470 _eLIBRO _fc.4 _h116721 _i114624 _sb |
||
| 949 |
_a631.4060972 P17 _bBC _cLIBRO _d33724002321264 _eLIBRO _fc.3 _h116537 _i114624 _sb |
||
| 949 |
_a631.4060972 P17 _bBC _cLIBRO _d33724002325660 _eLIBRO _h116392 _i114624 _sb |
||
| 999 |
_c102963 _d102963 |
||